000 01145nam a22002777a 4500
003 OSt
005 20231004095144.0
008 230919s2016 mx a||||r|||| 001 0 spa d
040 _cCHAP
_erda
090 _aFolleto 18525
100 1 _9185162
_aCuecuecha Mendoza, Alfredo
245 1 0 _aManual de educación financiera para hogares receptores de remesas /
_cpor Alfredo Cuecuecha Mendoza, Gerardo Suárez González y Arturo Vásquez Corona.
264 1 _aTlaxcala, México :
_bEl Colegio de Tlaxcala.
_c2016.
300 _a42 páginas:
_bimágenes, tablas, cuadros.
336 _2rdacontent
_atexto
_btxt
337 _2rdamedia
_asin medio
_bn
338 _2rdacarrier
_avolumen
_bnc
490 1 _aCuadernos Coltlax
504 _aIncluye referencias bibliográficas : páginas 41-42.
650 4 _9185303
_aRemesas de emigrantes
_xImpacto económico
_zTlaxcala
650 4 _9187031
_aTransferencia electrónica de fondos bancarios
_zTlaxcala
700 1 _9187965
_aSuárez González, Gerardo
700 1 _9187966
_aVásquez Corona, Arturo
830 1 _9187964
_aCuadernos Coltlax
942 _2Clasificación Universidad Autónoma Chapingo
_cFOLL
999 _c219159
_d219159